000
00286nam a22001217a 4500
008
181220b xxu||||| |||| 00| 0 eng d
041
_a
eng
080
_a
617\
100
_a
5
101
_a
KIR
245
_a
Orthopaedic Anatomy and Surgical Approaches
_c
Reckling,F.W
942
_2
udc
_c
BK
999
_c
53531
_d
53531